English Prayer Book 1549-1662 (Record no. 4457)

MARC details
000 -LEADER
fixed length control field 00573nam a2200253 a 4500
020 ## - INTERNATIONAL STANDARD BOOK NUMBER
ISBN
082 00 - DEWEY DECIMAL CLASSIFICATION NUMBER
Classification number 264.1
Author Cutter DUG
100 ## - MAIN ENTRY--AUTHOR NAME
Author name Dugmore, C W
245 ## - TITLE STATEMENT
Title English Prayer Book 1549-1662
260 ## - PUBLICATION, DISTRIBUTION, ETC. (IMPRINT)
Place of publication London
Name of publisher Spck
Year of publication 1963
300 ## - PHYSICAL DESCRIPTION
Number of Pages 114p
500 ## - GENERAL NOTE
General note includes index and biblioraphy
505 2# - FORMATTED CONTENTS NOTE
Formatted contents note Index
650 ## - SUBJECT ADDED ENTRY--TOPICAL TERM
Topical Term Prayer
942 ## - ADDED ENTRY ELEMENTS (KOHA)
Koha item type Books
700 1# -
-- T M Parker
700 1# -
-- E C Ratcliff
Holdings
Collection code Home library Current library Date acquired Cost, normal purchase price Full call number Accession Number Koha item type
  Henry Martyn Institute Library Henry Martyn Institute Library 07/11/2007 100.00 264.1 DUG 07220 Books
                   Copyright © 2026 | Henry Martyn Institute | Hyderabad | TS-500052 | INDIA | Implemented by hmi.edu.in
Hit-Count:

Powered by Koha